Отчетный план труб под мостами № 5 и 7 на одиннадцатой версте Петергофской дороги в Санкт-Петербургской губернии

Доступно только в Электронных читальных залах Найти на картеНа карте
RUSMARC
00003500nmc2a2200000 x 450
0014d8364a3-b6e0-448f-bcf0-ffc61ecb0730
00520160229170555.0
100##$a20140610u########k l0rusy0189 ca
1010#$arus
102##$aRU
2001#$aОтчетный план труб под мостами № 5 и 7 на одиннадцатой версте Петергофской дороги в Санкт-Петербургской губернии
$jб/д
251##$cДело
300##$aДело
801#0$aRU
$bРГИА
$c20140610
$gRCR
801#1$aRU
$bГлавНИВЦ
$c20140610
$2rusmarc
801#2$aRU
$bПБ им. Б.Н. Ельцина
$c20160229
$gRCR
$2rusmarc
850##$aРГИА
852##$aРГИА
$eФедеральное казенное учреждение "Российский государственный исторический архив" (РГИА)
$j134
937##$hРГИА
$d11373702
$aASBIBLIO_SCAN
462#0$1001d603777a-50d2-4684-80f9-386ac3f8ce22
$12001
$a1772-1852 гг.
$1251
$cОпись
$1852
$j5
461#0$100136133453-e1c7-4a41-902b-c6845355bc0d
$12001
$aПланы и чертежи водных и шоссейных дорог (коллекция)
$1251
$cФонд
$1852
$j1487
215##$a2 л.
$cплан.
$d57x36 см
371##$aДокумент не является опубликованным и широко распространяемым
105##$ae###
1220#$ad
035##$a4d8364a3-b6e0-448f-bcf0-ffc61ecb0730
Формат отображения